Vianočné pesničky spievajú detičky 2

Bibliographic Details
Format: CD Audio
Language:Slovak
PhysicalDescription:1 zvuková platňa digitál. 12 cm
Published: Bratislava Musica Zune Trade 2014
Subjects:

MARC

LEADER 00000njm a2200000 a 4500
001 vtls010659163
003 SK-MaSNL
005 20260301220706.0
007 sd fungnnmmned
008 160430s2014 xo sgnn n slo
015 |a SNBJ2016 
028 0 1 |a 720 5161-2  |b Musica 
040 |a SNK  |b slo  |c SNK  |e AACR2 
041 0 |d slo 
044 |a xo  |c SK 
072 7 |a 783  |x Cirkevná hudba. Duchovná hudba. Náboženská hudba  |2 konspekt 
080 |a 783.28  |2 2011 
080 |a 784.67  |2 2011 
080 |a (086.7.053.2)  |2 2011 
080 |a (086.76)  |2 2011 
245 0 0 |a Vianočné pesničky spievajú detičky 2  |h zvukový záznam 
260 |a Bratislava  |b Musica  |b Zune Trade  |c 2014 
300 |a 1 zvuková platňa  |b digitál.  |c 12 cm 
500 |a Kompaktná platňa 
500 |a Fonogram p2014 Musica 
500 |a CD obsahuje 20 piesní 
505 0 |a Daj Boh šťastia tejto zemi -- Vtedy sú Vianoce -- Kdepak, ty ptáčku, hnízdo máš? -- Ave Maria -- Tři oříšky -- Tichá noc -- Nesiem Vám noviny -- Dnešný deň sa radujeme -- Veselé Vianoce (Vánoce, Vánoce přicházejí-) -- Vianočný hymnus (Happy X-mas/War is over) -- List Ježiškovi (Mistletoe and Wine) -- Ó chýr preblahý -- Dobrá novina -- Povedzte nám pastúškovia -- Dobrý pastier sa narodil -- Veselej vianočnej doby -- Vstávajte pastieri -- Sen o Vianociach (White Christmas) -- Uspávanka Ježiška (Wiegenlied/Lullaby/,KV.350) -- Šťastný nový rok (Happy new year) 
518 |a Nahraté v MARK'V Studio, október 2014 
650 0 7 |a vianočné piesne  |2 SNKPH  |9 67789 
650 0 7 |a detské piesne  |2 SNKPH  |9 3415 
655 7 |a kompaktné platne  |2 SNKPH  |9 70690 
655 7 |a zvukové záznamy pre deti a mládež  |2 SNKPH  |9 70694 
999 |c 932849  |d 934779 
952 |a SNK  |b SNK  |y PREZ  |7 0  |p 17A1140295  |o snkSCD 3440/2  |i snk2015/8025  |8 0  |0 0  |1 0  |4 0  |d 2015-03-09  |l 0  |r 2026-02-24 08:54:11  |w 2026-02-24